00595cam a2200169 a 450000100060000000300090000600500170001500800410003204000280007308200270010110000430012824501200017126000570029130000240034865000210037265000320039319204BD-DhUAP20210118163610.0200129s2010 bg bs 000 0 eng  aDLCcDLCbEngdBD-DhUAP00a344.4970102633 CHO223 aChowdhury, A. K. M. Mohsanuddin Ahmed.12aChowdhury's laws on employment : bwith upto date amendments and case laws /cA. K. M. Mohsanuddin Ahmed Chowdhury. aDhaka :bA.K.M. Mohsanuddin Ahmed Chowdhury,cc2010. a856 pages ;c23 cm. 0aEmployment laws. 0aLabor laws and legislation.